| Поле | Название | Значение |
| |
Тип записи |
c |
| |
Библиографический уровень |
m |
| 001 |
Контрольный номер |
RU/УОНБ/EK_N/484849191 |
| 005 |
Дата корректировки |
20251211115938.0 |
| 010 |
Индекс ISBN |
__ |
| 9 |
Тираж |
30000 экз. |
| 013 |
Номер (ISMN) |
__ |
| d |
Цена |
90 к. |
| 071 |
Издательские номер (звукозапись и ноты) |
21 |
| a |
Номер, присвоенный агентством |
8567 |
| 100 |
Данные общей обработки |
__ |
| a |
Данные общей обработки |
20150513d1979 u y0rusy0189||||ca |
| 101 |
Язык документа |
0_ |
| a |
Язык текста |
rus |
| f |
Язык титульного листа |
rus |
| 102 |
Страна публикации |
__ |
| a |
Страна публикации |
RU |
| 105 |
Кодированные данные (монография) |
__ |
| a |
Кодированные данные (монография) |
y###||||000|y |
| 125 |
Кодированные данные звукозаписи и нотных изданий |
__ |
| a |
Форма изложения нотного текста |
с| |
| 128 |
Кодированные данные (звукозаписи-физические характеристики) |
__ |
| a |
Кодированные данные: Музыкальная форма и тональность или лад |
chs |
| a |
Кодированные данные: Музыкальная форма и тональность или лад |
fso |
| a |
Кодированные данные: Музыкальная форма и тональность или лад |
zz |
| b |
Инструменты или голоса, необходимые для ансамблей (устаревшее) |
cd|| |
| c |
Инструменты или голоса, рекомендуемые для солистов (устаревшее) |
ka|| |
| 200 |
Заглавие и сведения об ответственности |
0_ |
| a |
Заглавие |
Музыка в школе |
| e |
Сведения, относящиеся к заглавию |
1 кл. |
| e |
Сведения, относящиеся к заглавию |
пособие для учителя |
| f |
Первые сведения об ответственности |
авт.-сост. Т. Бейдер, Е. Критская, Л. Левандовская |
| g |
Последующие сведения об ответственности |
[предисл. изд.] |
| 205 |
Сведения об издании |
__ |
| a |
Основные сведения об издании |
Изд. 2-е |
| 210 |
Выходные данные |
1_ |
| a |
Место издания |
Москва |
| c |
Издательство |
Музыка |
| d |
Дата издания |
1979 |
| 215 |
Физическое описание |
__ |
| a |
Объем |
88 с. |
| d |
Формат |
29 см |
| 327 |
Примечание о содержании |
01 |
| a |
Примечание о содержании |
Содерж. : Шульгин Л. Портрет Ильича / сл. М. Ивенсен. - Дремлюга Н. Песня о школе / сл. Т. Масенко. - Парцхаладзе М. Здравствуй, школа / сл. Л. Некрасовой. - Попатенко Т. Урок ; Каждый по-своему маму поздравит / сл. М. Ивенсен. - Раухвергер М. Октябрята / сл. О. Высотской ; Это - октябрята! / сл. Ю. Ермолаева и В. Коркина. - Левина З. Что нам осень принесет? / сл. Л. Некрасовой ; Неваляшки / сл. З. Петровой. - Красев М. Осень / сл. М. Ивенсен. - Васильев-Буглай Д. Осенняя песенка / сл. А. Плещеева. - Как у наших у ворот ; На зеленом лугу ; А я по лугу : рус. нар. песни. - Во поле береза стояла ; Я на камушке сижу : рус. нар. песни / обраб. Н. Римского-Корсакова. - Не летай, соловей : рус. нар. песня / обраб. А. Егорова. - Андрей-воробей ; Петушок : рус. нар. прибаутки. - Камаринская ; Из-под дуба, из-под вяза : рус. нар. песни-пляски. - Веселые гуси : укр. нар. песня / обраб. М. Красева ; сл. М. Клоковой. - Веснянка : укр. нар. песня / обраб. Г. Лобачева. - Савка и Гришка ; Сел комарик на дубочек : белорус. нар. песни. - Букварь : груз. нар. мелодия / рус. текст В. Викторова. - Ай-я, жу-жу : латыш. нар. песня. - Весна : нем. нар. песня. - Островский А. Азбука ; Все мы любим Ленина ; В зоопарке / сл. З. Петровой ; Парад на Красной площади / сл. Л. Некрасовой. - Филиппенко А. Новогодняя / сл. Г. Бойко ; Вот какие чудеса / сл. Н. Берендгофа ; Гуси ; Веселый музыкант / сл. Т. Волгиной. - Старокадомский М. Что за дерево такое? / сл. Л. Некрасовой ; Веселые путешественники / сл. С. Михалкова. - Иванников В. Самая хорошая (Песня о маме) / сл. О. Фадеевой. - Карасев А. Лягушка. - Чичков Ю. Спасибо / сл. Е. Карасева. - Пахмутова А. Про нашу Советскую Родину / сл. М. Ивенсен. - Кабалевский Д. Первое мая / сл. О. Высотской ; Кавалерийская. - Калинников В. Тень-тень / сл. народные. - Чайковский П. Полька ; Марш деревянных солдатиков ; Камаринская ; Старинная французская песенка ; Детская песенка / сл. К. Аксакова. - Прокофьев С. Марш. - Лядов А. Колыбельная / сл. народные. - Шуман Р. Смелый наездник ; Веселый крестьянин. - косенко В. Дождик. - Фрид Г. Про то, как заяц в лесу заблудился : вариации на тему рус. нар. песни "Заинька". - Шостакович Д. Вальс-шутка. |
| 464 |
Аналитический уровень |
_0 |
| 1 |
|
2001 |
| a |
|
Портрет Ильича |
| e |
|
Утром в наше окно... |
| 1 |
|
700 1 |
| a |
|
Шульгин |
| b |
|
Л. |
| 1 |
|
702 1 |
| a |
|
Ивенсен |
| b |
|
М. |
| 4 |
|
520 |
| 464 |
Аналитический уровень |
_0 |
| 1 |
|
2001 |
| a |
|
Песня о школе |
| e |
|
В школу рано мы идем... |
| 1 |
|
700 1 |
| a |
|
Дремлюга |
| b |
|
Н. |
| 1 |
|
702 1 |
| a |
|
Масенко |
| b |
|
Т. |
| 4 |
|
520 |
| 464 |
Аналитический уровень |
_0 |
| 1 |
|
2001 |
| a |
|
Здравствуй, школа |
| e |
|
Мы дошкольниками были... |
| 1 |
|
700 1 |
| a |
|
Парцхаладзе |
| b |
|
М. |
| 1 |
|
702 1 |
| a |
|
Некрасова |
| b |
|
Л. |
| 4 |
|
520 |
| 464 |
Аналитический уровень |
_0 |
| 1 |
|
2001 |
| a |
|
Урок |
| e |
|
С букварем уселись куклы... |
| 1 |
|
700 1 |
| a |
|
Попатенко |
| b |
|
Т. |
| 1 |
|
702 1 |
| a |
|
Ивенсен |
| b |
|
М. |
| 4 |
|
520 |
| 464 |
Аналитический уровень |
_0 |
| 1 |
|
2001 |
| a |
|
Октябрята |
| e |
|
Мы веселые ребята... |
| 1 |
|
700 1 |
| a |
|
Раухвергер |
| b |
|
М. |
| 1 |
|
702 1 |
| a |
|
Высотская |
| b |
|
О. |
| 4 |
|
520 |
| 464 |
Аналитический уровень |
_0 |
| 1 |
|
2001 |
| a |
|
Что нам осень принесет? |
| e |
|
Что нам осень принесет?.. |
| 1 |
|
700 1 |
| a |
|
Левина |
| b |
|
З. |
| 1 |
|
702 1 |
| a |
|
Некрасова |
| b |
|
Л. |
| 4 |
|
520 |
| 464 |
Аналитический уровень |
_0 |
| 1 |
|
2001 |
| a |
|
Осень |
| e |
|
Падают, падают листья... |
| 1 |
|
700 1 |
| a |
|
Красев |
| b |
|
М. |
| 1 |
|
702 1 |
| a |
|
Ивенсен |
| b |
|
М. |
| 4 |
|
520 |
| 464 |
Аналитический уровень |
_0 |
| 1 |
|
2001 |
| a |
|
Осенняя песенка |
| e |
|
Миновало лето... |
| 1 |
|
700 1 |
| a |
|
Васильев-Буглай |
| b |
|
Д. |
| 1 |
|
702 1 |
| a |
|
Плещеев |
| b |
|
А. |
| 4 |
|
520 |
| 464 |
Аналитический уровень |
_0 |
| 1 |
|
2001 |
| a |
|
Как у наших у ворот |
| e |
|
Как у наших у ворот... |
| e |
|
рус. нар. песня |
| 464 |
Аналитический уровень |
_0 |
| 1 |
|
2001 |
| a |
|
Во поле береза стояла |
| e |
|
Во поле береза стояла... |
| e |
|
рус. нар. песня |
| 1 |
|
702 1 |
| a |
|
Римский-Корсаков |
| b |
|
Н. |
| 4 |
|
030 |
| 464 |
Аналитический уровень |
_0 |
| 1 |
|
2001 |
| a |
|
Не летай, соловей |
| e |
|
Не летай, соловей... |
| e |
|
рус. нар. песня |
| 1 |
|
702 1 |
| a |
|
Егоров |
| b |
|
А. |
| 4 |
|
030 |
| 464 |
Аналитический уровень |
_0 |
| 1 |
|
2001 |
| a |
|
Андрей-воробей |
| e |
|
Андрей-воробей, не гоняй голубей... |
| e |
|
рус. нар. прибаутка |
| 464 |
Аналитический уровень |
_0 |
| 1 |
|
2001 |
| a |
|
Камаринская |
| e |
|
рус. нар. песня-пляска |
| 464 |
Аналитический уровень |
_0 |
| 1 |
|
2001 |
| a |
|
Веселые гуси |
| e |
|
Жили у бабуси... |
| e |
|
укр. нар. песня |
| 1 |
|
702 1 |
| a |
|
Красев |
| b |
|
М. |
| 4 |
|
030 |
| 1 |
|
702 1 |
| a |
|
Клокова |
| b |
|
М. |
| 4 |
|
520 |
| 464 |
Аналитический уровень |
_0 |
| 1 |
|
2001 |
| a |
|
Веснянка |
| e |
|
Стало ясно солнышко... |
| e |
|
укр. нар. песня |
| 1 |
|
702 1 |
| a |
|
Лобачев |
| b |
|
Г. |
| 4 |
|
030 |
| 464 |
Аналитический уровень |
_0 |
| 1 |
|
2001 |
| a |
|
Савка и Гришка |
| e |
|
Савка и Гришка сделали дуду... |
| e |
|
белорус. нар. песня |
| 464 |
Аналитический уровень |
_0 |
| 1 |
|
2001 |
| a |
|
Букварь |
| e |
|
Было мне лет шесть... |
| e |
|
груз. нар. мелодия |
| 1 |
|
702 1 |
| a |
|
Викторов |
| b |
|
В. |
| 4 |
|
520 |
| 464 |
Аналитический уровень |
_0 |
| 1 |
|
2001 |
| a |
|
Ай-я, жу-жу |
| e |
|
Ай-я, жу-жу, медвежонок, ай-я, жу-жу... |
| e |
|
латыш. нар. песня |
| 464 |
Аналитический уровень |
_0 |
| 1 |
|
2001 |
| a |
|
Весна |
| e |
|
Вот весна, весна к нам пришла!.. |
| e |
|
нем. нар. песня |
| 464 |
Аналитический уровень |
_0 |
| 1 |
|
2001 |
| a |
|
Азбука |
| e |
|
Если хочешь много знать... |
| 1 |
|
700 1 |
| a |
|
Островский |
| b |
|
А. |
| 1 |
|
702 1 |
| a |
|
Петрова |
| b |
|
З. |
| 4 |
|
520 |
| 464 |
Аналитический уровень |
_0 |
| 1 |
|
2001 |
| a |
|
Новогодняя |
| e |
|
С Новым годом всех мы поздравляем... |
| 1 |
|
700 1 |
| a |
|
Филиппенко |
| b |
|
А. |
| 1 |
|
702 1 |
| a |
|
Бойко |
| b |
|
Г. |
| 4 |
|
520 |
| 464 |
Аналитический уровень |
_0 |
| 1 |
|
2001 |
| a |
|
Что за дерево такое? |
| e |
|
Что за дерево такое... |
| 1 |
|
700 1 |
| a |
|
Старокадомский |
| b |
|
М. |
| 1 |
|
702 1 |
| a |
|
Некрасова |
| b |
|
Л. |
| 4 |
|
520 |
| 464 |
Аналитический уровень |
_0 |
| 1 |
|
2001 |
| a |
|
Самая хорошая |
| a |
|
Песня о маме |
| e |
|
Нас качая в колыбели... |
| 1 |
|
700 1 |
| a |
|
Иванников |
| b |
|
В. |
| 1 |
|
702 1 |
| a |
|
Фадеева |
| b |
|
О. |
| 4 |
|
520 |
| 464 |
Аналитический уровень |
_0 |
| 1 |
|
2001 |
| a |
|
Лягушка |
| e |
|
Вот лягушка по дорожке.... |
| 1 |
|
700 1 |
| a |
|
Карасев |
| b |
|
А. |
| 1 |
|
702 1 |
| a |
|
Карасев |
| b |
|
А. |
| 4 |
|
520 |
| 464 |
Аналитический уровень |
_0 |
| 1 |
|
2001 |
| a |
|
Спасибо |
| e |
|
За то, что есть березка... |
| 1 |
|
700 1 |
| a |
|
Чичков |
| b |
|
Ю. |
| 1 |
|
702 1 |
| a |
|
Карасев |
| b |
|
Е. |
| 4 |
|
520 |
| 464 |
Аналитический уровень |
_0 |
| 1 |
|
2001 |
| a |
|
Про нашу Советскую Родину |
| e |
|
Про нашу Советскую Родину... |
| 1 |
|
700 1 |
| a |
|
Пахмутова |
| b |
|
А. |
| 1 |
|
702 1 |
| a |
|
Ивенсен |
| b |
|
М. |
| 4 |
|
520 |
| 464 |
Аналитический уровень |
_0 |
| 1 |
|
2001 |
| a |
|
Первое мая |
| e |
|
Солнце светит в небе синем... |
| 1 |
|
700 1 |
| a |
|
Кабалевский |
| b |
|
Д. |
| 1 |
|
702 1 |
| a |
|
Высотская |
| b |
|
О. |
| 4 |
|
520 |
| 464 |
Аналитический уровень |
_0 |
| 1 |
|
2001 |
| a |
|
Тень-тень |
| e |
|
Тень-тень, потетень... |
| 1 |
|
700 1 |
| a |
|
Калинников |
| b |
|
В. |
| 1 |
|
702 1 |
| a |
|
Слова народные |
| 4 |
|
520 |
| 464 |
Аналитический уровень |
_0 |
| 1 |
|
2001 |
| a |
|
Полька |
| 1 |
|
700 1 |
| a |
|
Чайковский |
| b |
|
П. |
| 464 |
Аналитический уровень |
_0 |
| 1 |
|
2001 |
| a |
|
Марш |
| 1 |
|
700 1 |
| a |
|
Прокофьев |
| b |
|
С. |
| 464 |
Аналитический уровень |
_0 |
| 1 |
|
2001 |
| a |
|
Колыбельная |
| e |
|
Гуленьки, гуленьки, да прилетали гуленьки... |
| 1 |
|
700 1 |
| a |
|
Лядов |
| b |
|
А. |
| 1 |
|
702 1 |
| a |
|
Слова народные |
| 4 |
|
520 |
| 464 |
Аналитический уровень |
_0 |
| 1 |
|
2001 |
| a |
|
Смелый наездник |
| 1 |
|
700 1 |
| a |
|
Шуман |
| b |
|
Р. |
| 464 |
Аналитический уровень |
_0 |
| 1 |
|
2001 |
| a |
|
Дождик |
| 1 |
|
700 1 |
| a |
|
Косенко |
| b |
|
В. |
| 464 |
Аналитический уровень |
_0 |
| 1 |
|
2001 |
| a |
|
Про то, как заяц в лесу заблудился |
| e |
|
вариации на тему рус. нар. песни "Заинька" |
| 1 |
|
700 1 |
| a |
|
Фрид |
| b |
|
Г. |
| 1 |
|
50010 |
| a |
|
Заинька |
| 464 |
Аналитический уровень |
_0 |
| 1 |
|
2001 |
| a |
|
Вальс-шутка |
| 1 |
|
700 1 |
| a |
|
Шостакович |
| b |
|
Д. |
| 464 |
Аналитический уровень |
_0 |
| 1 |
|
2001 |
| a |
|
Каждый по-своему маму поздравит |
| e |
|
Каждый по-своему... |
| 1 |
|
700 1 |
| a |
|
Попатенко |
| b |
|
Т. |
| 1 |
|
702 1 |
| a |
|
Ивенсен |
| b |
|
М. |
| 4 |
|
520 |
| 464 |
Аналитический уровень |
_0 |
| 1 |
|
2001 |
| a |
|
Это - октябрята! |
| e |
|
У кого в порядке... |
| 1 |
|
700 1 |
| a |
|
Раухвергер |
| b |
|
М. |
| 1 |
|
702 1 |
| a |
|
Ермолаев |
| b |
|
Ю. |
| 4 |
|
520 |
| 1 |
|
702 1 |
| a |
|
Коркин |
| b |
|
В. |
| 4 |
|
520 |
| 464 |
Аналитический уровень |
_0 |
| 1 |
|
2001 |
| a |
|
Неваляшки |
| e |
|
Мы - милашки... |
| 1 |
|
700 1 |
| a |
|
Левина |
| b |
|
З. |
| 1 |
|
702 1 |
| a |
|
Петрова |
| b |
|
З. |
| 4 |
|
520 |
| 464 |
Аналитический уровень |
_0 |
| 1 |
|
2001 |
| a |
|
На зеленом лугу |
| e |
|
На зеленом лугу, их-вох!.. |
| e |
|
рус. нар. песня |
| 464 |
Аналитический уровень |
_0 |
| 1 |
|
2001 |
| a |
|
А я по лугу |
| e |
|
А я по лугу... |
| e |
|
рус. нар. песня |
| 464 |
Аналитический уровень |
_0 |
| 1 |
|
2001 |
| a |
|
Я на камушке сижу |
| e |
|
Я на камушке сижу... |
| e |
|
рус. нар. песня |
| 1 |
|
702 1 |
| a |
|
Римский-Корсаков |
| b |
|
Н. |
| 4 |
|
030 |
| 464 |
Аналитический уровень |
_0 |
| 1 |
|
2001 |
| a |
|
Петушок |
| e |
|
Петушок, петушок, золотой гребешок... |
| e |
|
рус. нар. прибаутка |
| 464 |
Аналитический уровень |
_0 |
| 1 |
|
2001 |
| a |
|
Из-под дуба, из-под вяза |
| e |
|
рус. нар. песня-пляска |
| 464 |
Аналитический уровень |
_0 |
| 1 |
|
2001 |
| a |
|
Сел комарик на дубочек |
| e |
|
Сел комарик на дубочек... |
| e |
|
белорус. нар. песня |
| 464 |
Аналитический уровень |
_0 |
| 1 |
|
2001 |
| a |
|
Детская песенка |
| e |
|
Мой Лизочек так уж мал... |
| 1 |
|
700 1 |
| a |
|
Чайковский |
| b |
|
П. |
| 1 |
|
702 1 |
| a |
|
Аксаков |
| b |
|
К. |
| 4 |
|
520 |
| 464 |
Аналитический уровень |
_0 |
| 1 |
|
2001 |
| a |
|
Марш деревянных солдатиков |
| 1 |
|
700 1 |
| a |
|
Чайковский |
| b |
|
П. |
| 464 |
Аналитический уровень |
_0 |
| 1 |
|
2001 |
| a |
|
Камаринская |
| 1 |
|
700 1 |
| a |
|
Чайковский |
| b |
|
П. |
| 464 |
Аналитический уровень |
_0 |
| 1 |
|
2001 |
| a |
|
Старинная французская песенка |
| 1 |
|
700 1 |
| a |
|
Чайковский |
| b |
|
П. |
| 464 |
Аналитический уровень |
_0 |
| 1 |
|
2001 |
| a |
|
Все мы любим Ленина |
| e |
|
Буквами большими... |
| 1 |
|
700 1 |
| a |
|
Островский |
| b |
|
А. |
| 1 |
|
702 1 |
| a |
|
Петрова |
| b |
|
З. |
| 4 |
|
520 |
| 464 |
Аналитический уровень |
_0 |
| 1 |
|
2001 |
| a |
|
В зоопарке |
| e |
|
День сегодня очень жаркий... |
| 1 |
|
700 1 |
| a |
|
Островский |
| b |
|
А. |
| 1 |
|
702 1 |
| a |
|
Петрова |
| b |
|
З. |
| 4 |
|
520 |
| 464 |
Аналитический уровень |
_0 |
| 1 |
|
2001 |
| a |
|
Вот какие чудеса! |
| e |
|
Чудо, чудо-чудеса... |
| 1 |
|
700 1 |
| a |
|
Филиппенко |
| b |
|
А. |
| 1 |
|
702 1 |
| a |
|
Берендгоф |
| b |
|
Н. |
| 4 |
|
520 |
| 464 |
Аналитический уровень |
_0 |
| 1 |
|
2001 |
| a |
|
Гуси |
| e |
|
Гуси прилетели... |
| 1 |
|
700 1 |
| a |
|
Филиппенко |
| b |
|
А. |
| 1 |
|
702 1 |
| a |
|
Волгина |
| b |
|
Т. |
| 4 |
|
520 |
| 464 |
Аналитический уровень |
_0 |
| 1 |
|
2001 |
| a |
|
Веселый музыкант |
| e |
|
Я на скрипочке играю... |
| 1 |
|
700 1 |
| a |
|
Филиппенко |
| b |
|
А. |
| 1 |
|
702 1 |
| a |
|
Волгина |
| b |
|
Т. |
| 4 |
|
520 |
| 464 |
Аналитический уровень |
_0 |
| 1 |
|
2001 |
| a |
|
Веселые путешественники |
| e |
|
Мы едем, едем едем... |
| 1 |
|
700 1 |
| a |
|
Старокадомский |
| b |
|
М. |
| 1 |
|
702 1 |
| a |
|
Михалков |
| b |
|
С. |
| 4 |
|
520 |
| 464 |
Аналитический уровень |
_0 |
| 1 |
|
2001 |
| a |
|
Кавалерийская |
| 1 |
|
700 1 |
| a |
|
Кабалевский |
| b |
|
Д. |
| 464 |
Аналитический уровень |
_0 |
| 1 |
|
2001 |
| a |
|
Веселый крестьянин |
| 1 |
|
700 1 |
| a |
|
Шуман |
| b |
|
Р. |
| 464 |
Аналитический уровень |
_0 |
| 1 |
|
2001 |
| a |
|
Парад на Красной площади |
| e |
|
Рано, рано утром... |
| 1 |
|
702 1 |
| a |
|
Некрасова |
| b |
|
Л. |
| 4 |
|
520 |
| 512 |
Заглавие обложки |
1_ |
| a |
Заглавие обложки |
Музыка в школе |
| 606 |
Тематические рубрики |
0_ |
| a |
Основная рубрика |
Учебно-педагогическая литература |
| x |
Основная подрубрика |
Младший школьный возраст |
| 610 |
Ключевые слова |
0_ |
| a |
Ключевые слова |
учебные пособия |
| 610 |
Ключевые слова |
0_ |
| a |
Ключевые слова |
младший школьный возраст |
| 686 |
Индексы других классификаций |
__ |
| a |
Классификационный индекс |
85.98(2)я71 |
| 2 |
Код системы |
rubbk |
| 700 |
Автор |
_1 |
| a |
Фамилия |
Бейдер |
| b |
Имя (инициалы) |
Т. А. |
| g |
Полное личное имя |
Тамара Александровна |
| 701 |
Альтернативная интеллектуальная ответственность |
_1 |
| a |
Фамилия |
Критская |
| b |
Имя (инициалы) |
Е. Д. |
| 701 |
Альтернативная интеллектуальная ответственность |
_1 |
| a |
Фамилия |
Левандовская |
| b |
Имя (инициалы) |
Л. Я. |
| 801 |
Источник записи |
_0 |
| a |
Страна |
RU |
| b |
Организация |
Ульяновская ОНБ |
| c |
Дата составления |
20150513 |
| g |
Правила каталогизации |
RCR |
| 801 |
Источник записи |
_1 |
| a |
Страна |
RU |
| b |
Организация |
Ульяновская ОНБ |
| c |
Дата составления |
20150513 |
| g |
Правила каталогизации |
RCR |
| 901 |
Тип документа |
__ |
| t |
Тип документа |
m |
| 909 |
Создатель записи |
__ |
| a |
Создатель записи |
Никитина Т. А. |
| 910 |
Корректоры записи |
__ |
| a |
Корректор записи |
Васина |
| 938 |
Служебная информация |
__ |
| a |
Имя БД |
noti |
| b |
Имя библиотеки |
УОНБ |
| c |
Имя АИБС |
МАРК-SQL |
| d |
Номер DOC_ID в БД |
13230 |